[Event "Mexican op 69th"]
[Site "Mexico City"]
[Date "2024.03.28"]
[Round "4"]
[White "Martinez Alcantara, Jose Eduardo"]
[Black "Miranda Mesa, Elier"]
[Result "1-0"]
[WhiteElo "2603"]
[BlackElo "2472"]
[PlyCount "75"]
[EventDate "2024.03.26"]
[EventType "swiss"]
[EventRounds "9"]
[EventCountry "MEX"]
[SourceTitle "CB14_2024"]
[SourceDate "2024.04.01"]
[SourceVersion "1"]
[SourceVersionDate "2024.04.01"]
[SourceQuality "1"]

1. e4 e5 2. Nf3 Nf6 3. Nc3 Bb4 4. Nxe5 0-0 5. Nd3 Bxc3 6. dxc3 Nxe4 7. Be2 d6 8. 0-0 Nd7 9. f3 Nec5 10. Be3 Nxd3 11. cxd3 Re8 12. Bf2 Nf8 13. Qd2 Be6 14. Rfe1 Ng6 15. Bf1 b6 16. c4 Qf6 17. d4 Bd7 18. b4 Rxe1 19. Rxe1 Re8 20. Rxe8+ Bxe8 21. Qe3 Qe7 22. Qa3 c6 23. Bg3 f5 24. Qc1 Bf7 25. a4 h6 26. Bf2 Qc7 27. c5 dxc5 28. dxc5 Ne7 29. cxb6 axb6 30. Qa3 Nd5 31. a5 Qa7 32. a6 f4 33. Qd3 Qa8 34. Qd4 Qb8 35. Qe4 Qa8 36. Qe5 Ne3 37. Qc7 Bd5 38. a7 1-0

[Event "CUB-ch 60th"]
[Site "Holguin"]
[Date "2024.02.07"]
[Round "3"]
[White "Gomez Sanchez, Jorge Marcos"]
[Black "Miranda Mesa, Elier"]
[Result "0-1"]
[WhiteElo "2315"]
[BlackElo "2485"]
[PlyCount "68"]
[EventDate "2024.02.05"]
[EventType "swiss"]
[EventRounds "10"]
[EventCountry "CUB"]
[SourceTitle "CB10_2024"]
[SourceDate "2024.03.06"]
[SourceVersion "1"]
[SourceVersionDate "2024.03.06"]
[SourceQuality "1"]

1. e4 c5 2. Nf3 Nc6 3. Nc3 e5 4. Bc4 d6 5. d3 h6 6. Nd2 Be7 7. Nf1 Bg5 8. Ne3 Nf6 9. 0-0 0-0 10. Ned5 Be6 11. f4 exf4 12. Bxf4 Ng4 13. Qd2 Nd4 14. a4 Ne5 15. Kh1 Kh8 16. Ne3 Nef3 17. gxf3 Bxf4 18. Ncd1 Bh3 19. Rf2 f5 20. c3 fxe4 21. dxe4 Nc6 22. Qe2 Ne5 23. Nd5 Qh4 24. N1e3 Qh5 25. Rg1 Bxe3 26. Nxe3 Rxf3 27. Rxf3 Qxf3+ 28. Qxf3 Nxf3 29. Rd1 Rd8 30. Bd5 Ne5 31. a5 Rf8 32. Nf5 g6 33. Nxd6 Rf2 34. Kg1 Rg2+ 0-1

[Event "Carlos Torre Memorial op 33rd"]
[Site "Merida"]
[Date "2023.12.15"]
[Round "2"]
[White "Morales Garcia, Sergio Joshafatt"]
[Black "Miranda Mesa, Elier"]
[Result "1/2-1/2"]
[WhiteElo "2234"]
[BlackElo "2495"]
[PlyCount "310"]
[EventDate "2023.12.15"]
[EventType "swiss"]
[EventRounds "9"]
[EventCountry "MEX"]
[SourceTitle "CB52_2023"]
[SourceDate "2023.12.27"]
[SourceVersion "1"]
[SourceVersionDate "2023.12.27"]
[SourceQuality "1"]

1. d4 d5 2. c4 dxc4 3. Nf3 a6 4. e3 Bg4 5. Bxc4 e6 6. h3 Bh5 7. Qb3 Bxf3 8. gxf3 b5 9. Be2 Nd7 10. Nc3 c5 11. a4 cxd4 12. exd4 b4 13. Ne4 Ngf6 14. Bf4 Nd5 15. Bd2 Be7 16. Rg1 g6 17. f4 Qb6 18. Qd3 N7f6 19. Bf3 Nxe4 20. Bxe4 Rd8 21. a5 Qa7 22. Rc1 Qb7 23. Kf1 f5 24. Bf3 Kf7 25. Kg2 Rc8 26. Rge1 Rxc1 27. Rxc1 Rc8 28. Rxc8 Qxc8 29. Be2 Qc6 30. Kg3 Nc7 31. d5 Qxd5 32. Qxd5 Nxd5 33. Bxa6 Bd8 34. Bc4 Bxa5 35. Bxd5 exd5 36. Kf3 Ke6 37. Ke2 Kd6 38. b3 Kc5 39. Kd3 Bd8 40. Be3+ Kc6 41. Bd2 Be7 42. f3 Bc5 43. Be1 Kd6 44. Bd2 Ke6 45. Bc1 Kf7 46. Bb2 Be7 47. Bc1 Ke6 48. Bd2 Bc5 49. Bc1 h6 50. Bd2 Kd6 51. Be1 Kc6 52. Bd2 Be7 53. Kd4 Bf6+ 54. Kd3 Kb5 55. Be3 Bc3 56. Bf2 Kc6 57. Be3 Kd6 58. Bf2 Ke6 59. Be3 Ke7 60. Bc5+ Kf7 61. Be3 Ke6 62. Bc5 Kf7 63. Be3 Kf6 64. Bd4+ Bxd4 65. Kxd4 g5 66. Kxd5 h5 67. fxg5+ Kxg5 68. Ke5 Kh4 69. Kxf5 Kxh3 70. Kg5 Kg3 71. f4 h4 72. f5 h3 73. f6 h2 74. f7 h1Q 75. f8Q Qd5+ 76. Kh6 Qxb3 77. Qd6+ Kg2 78. Qd2+ Kf3 79. Kh7 Qc3 80. Qd5+ Ke3 81. Qg5+ Kd3 82. Qg6+ Kd2 83. Qg2+ Kc1 84. Qg1+ Kb2 85. Kg8 Qc8+ 86. Kh7 b3 87. Qd4+ Qc3 88. Qd6 Kb1 89. Qd1+ Ka2 90. Qd5 Qc7+ 91. Kg8 Ka3 92. Qd3 Qc6 93. Qe3 Qc8+ 94. Kh7 Qc7+ 95. Kg8 Ka2 96. Qe6 Qc5 97. Kh7 Ka3 98. Qa6+ Kb2 99. Kg8 Qd5+ 100. Kh7 Kc3 101. Qa3 Kc2 102. Qa4 Kb1 103. Qa6 Qf5+ 104. Kg8 b2 105. Qc4 Qg5+ 106. Kh8 Qd8+ 107. Kg7 Qd7+ 108. Kh8 Qd8+ 109. Kg7 Qa5 110. Kh8 Ka1 111. Qd4 Qa3 112. Kg7 Qa6 113. Kh8 Qh6+ 114. Kg8 Qh3 115. Qa4+ Kb1 116. Qc4 Qg2+ 117. Kh8 Qh2+ 118. Kg7 Qg3+ 119. Kh8 Qf3 120. Kg7 Qb7+ 121. Kh8 Qa8+ 122. Kg7 Qa7+ 123. Kh8 Ka1 124. Qc3 Qa4 125. Qe5 Qb4 126. Kg7 Ka2 127. Qd5+ Ka3 128. Qd3+ Ka4 129. Qa6+ Kb3 130. Qe6+ Qc4 131. Qb6+ Kc2 132. Qf2+ Kc3 133. Qe3+ Qd3 134. Qc5+ Kb3 135. Qb6+ Kc2 136. Qf2+ Qd2 137. Qf5+ Qd3 138. Qf2+ Kc1 139. Qe1+ Qd1 140. Qc3+ Kb1 141. Qc4 Qd7+ 142. Kh8 Qd8+ 143. Kg7 Qg5+ 144. Kh8 Qh6+ 145. Kg8 Qc1 146. Qe4+ Qc2 147. Qe1+ Ka2 148. Qa5+ Kb3 149. Qb5+ Kc3 150. Qc5+ Kb3 151. Qb5+ Ka3 152. Qa6+ Qa4 153. Qd6+ Qb4 154. Qa6+ Kb3 155. Qd3+ Ka2 1/2-1/2

[Event "Iberoamerican-ch 9th"]
[Site "Panama City"]
[Date "2023.11.29"]
[Round "6"]
[White "Miranda Mesa, Elier"]
[Black "Zambrana, Oswaldo"]
[Result "1/2-1/2"]
[WhiteElo "2490"]
[BlackElo "2400"]
[PlyCount "52"]
[EventDate "2023.11.25"]
[EventType "swiss"]
[EventRounds "9"]
[EventCountry "PAN"]
[SourceTitle "CB49_2023"]
[SourceDate "2023.12.06"]
[SourceVersion "1"]
[SourceVersionDate "2023.12.06"]
[SourceQuality "1"]

1. e4 c5 2. Nc3 Nc6 3. Bb5 Nd4 4. Bc4 a6 5. a4 e6 6. Nge2 Nf6 7. 0-0 d5 8. exd5 exd5 9. Ba2 Bd6 10. d3 Ne6 11. Ng3 0-0 12. Nh5 Nxh5 13. Qxh5 Nd4 14. Bg5 Qd7 15. Bxd5 Nxc2 16. Rac1 Nb4 17. Bc4 b6 18. Rfe1 Qf5 19. Ne4 Bc7 20. Re3 Be6 21. Bxe6 fxe6 22. Rf3 Qe5 23. Rh3 Qf5 24. Rf3 Qe5 25. Rh3 Qf5 26. Re1 Bd8 1/2-1/2

[Event "Che CUB vs Kerala Blitz"]
[Site "Thiruvananthapuram"]
[Date "2023.11.18"]
[Round "1.2"]
[White "Miranda Mesa, Elier"]
[Black "Jubin, Jimmy"]
[Result "1/2-1/2"]
[WhiteElo "2490"]
[BlackElo "2452"]
[PlyCount "116"]
[EventDate "2023.11.18"]
[EventType "schev (blitz)"]
[EventRounds "8"]
[EventCountry "IND"]
[SourceTitle "CB47_2023"]
[SourceDate "2023.11.22"]
[SourceVersion "1"]
[SourceVersionDate "2023.11.22"]
[SourceQuality "1"]
[WhiteTeam "Cuba"]
[BlackTeam "Kerala"]
[WhiteTeamCountry "CUB"]
[BlackTeamCountry "IND"]

1. e4 c6 2. Nc3 d5 3. Nf3 g6 4. d4 Bg7 5. h3 dxe4 6. Nxe4 Nf6 7. Nxf6+ exf6 8. Bc4 0-0 9. 0-0 a5 10. a4 Na6 11. Re1 Nb4 12. c3 Nd5 13. Qb3 b6 14. Bxd5 cxd5 15. Bf4 Ba6 16. Nd2 Ra7 17. Nf1 Bc4 18. Qc2 Rd7 19. Ne3 Ba6 20. Qb3 Re8 21. Rad1 Re6 22. Qc2 Rde7 23. b3 Re4 24. Bh2 f5 25. Qc1 Bh6 26. Be5 Re6 27. c4 f6 28. Bh2 dxc4 29. bxc4 f4 30. Ng4 Bg7 31. d5 Rxe1+ 32. Rxe1 Rxe1+ 33. Qxe1 Bxc4 34. Bxf4 Bxd5 35. Be3 h5 36. Nh2 Bb7 37. Qb1 Qd5 38. Nf3 Qc6 39. Qxg6 Qxa4 40. Bh6 Qd7 41. Bxg7 Qxg7 42. Qe8+ Qf8 43. Qg6+ Qg7 44. Qe8+ Qf8 45. Qe6+ Qf7 46. Qxb6 Bxf3 47. gxf3 Qg6+ 48. Kh2 Qf5 49. Qd8+ Kg7 50. Qe7+ Kh6 51. Qf8+ Kh7 52. Qf7+ Kh6 53. Qf8+ Kg5 54. Qg8+ Qg6 55. Qd5+ Qf5 56. Qg8+ Kh6 57. Qh8+ Kg6 58. Qg8+ Kh6 1/2-1/2

[Event "Che CUB vs Kerala Rapid"]
[Site "Thiruvananthapuram"]
[Date "2023.11.17"]
[Round "2.2"]
[White "Miranda Mesa, Elier"]
[Black "Jubin, Jimmy"]
[Result "1-0"]
[WhiteElo "2490"]
[BlackElo "2452"]
[PlyCount "101"]
[EventDate "2023.11.17"]
[EventType "schev (rapid)"]
[EventRounds "4"]
[EventCountry "IND"]
[SourceTitle "CB47_2023"]
[SourceDate "2023.11.22"]
[SourceVersion "1"]
[SourceVersionDate "2023.11.22"]
[SourceQuality "1"]
[WhiteTeam "Cuba"]
[BlackTeam "Kerala"]
[WhiteTeamCountry "CUB"]
[BlackTeamCountry "IND"]

1. e4 c6 2. Nc3 d5 3. Nf3 dxe4 4. Nxe4 Nf6 5. Qe2 Bf5 6. Nxf6+ gxf6 7. d3 Nd7 8. g3 Ne5 9. Nxe5 Qa5+ 10. Bd2 Qxe5 11. Bc3 Qd5 12. Rg1 Rg8 13. Bg2 Qe6 14. Bf3 Bh6 15. h4 Bg4 16. Qxe6 fxe6 17. Be4 Bf5 18. Ke2 Bxe4 19. dxe4 e5 20. Rad1 Rd8 21. a4 Kf7 22. Kf3 Rd6 23. Bb4 Rd4 24. c3 Rdd8 25. a5 b6 26. c4 Rd4 27. Bc3 Rxc4 28. Rd7 b5 29. Rgd1 Ra8 30. Rb7 a6 31. Rd3 Ra4 32. b3 Ra2 33. Bb4 Bf8 34. Rdd7 Re8 35. Ra7 Rb2 36. Rd3 Rc8 37. Bc5 b4 38. Rxa6 Rc2 39. Bxb4 c5 40. Bd2 c4 41. bxc4 R8xc4 42. Ra8 f5 43. Rdd8 fxe4+ 44. Kg2 Bg7 45. a6 Rc6 46. a7 Ra2 47. Be3 Bh6 48. Bxh6 Rxh6 49. Rf8+ Ke6 50. Rab8 e3 51. a8Q 1-0

[Event "Maia op 7th"]
[Site "Maia"]
[Date "2023.09.02"]
[Round "9"]
[White "Miranda Mesa, Elier"]
[Black "Sismeiro, Miguel"]
[Result "1-0"]
[WhiteElo "2500"]
[BlackElo "2265"]
[PlyCount "59"]
[EventDate "2023.08.25"]
[EventType "swiss"]
[EventRounds "9"]
[EventCountry "POR"]
[SourceTitle "EXT 2024"]
[Source "ChessBase"]
[SourceDate "2023.10.10"]
[SourceVersion "1"]
[SourceVersionDate "2023.10.10"]
[SourceQuality "1"]

1. e4 c5 2. Nf3 e6 3. d4 cxd4 4. Nxd4 Nc6 5. Nc3 Qc7 6. Be2 a6 7. 0-0 Nf6 8. Kh1 Be7 9. f4 d6 10. Be3 0-0 11. Qe1 Kh8 12. Qg3 Bd7 13. Rae1 Rac8 14. a3 b5 15. Bd3 Nh5 16. Qf2 Nf6 17. Nxc6 Bxc6 18. Qg3 e5 19. Qh3 Qb7 20. fxe5 dxe5 21. Bg5 Ng8 22. Bd2 Nf6 23. Nd5 Bd7 24. Qf3 Nxd5 25. exd5 Bd6 26. Bb4 Bxb4 27. axb4 Rce8 28. Qh5 g6 29. Qh6 Qxd5 30. Bxg6 1-0

[Event "Maia op 7th"]
[Site "Maia"]
[Date "2023.08.30"]
[Round "6"]
[White "Campora, Daniel Hugo"]
[Black "Miranda Mesa, Elier"]
[Result "0-1"]
[WhiteElo "2349"]
[BlackElo "2500"]
[PlyCount "138"]
[EventDate "2023.08.25"]
[EventType "swiss"]
[EventRounds "9"]
[EventCountry "POR"]
[SourceTitle "EXT 2024"]
[Source "ChessBase"]
[SourceDate "2023.10.10"]
[SourceVersion "1"]
[SourceVersionDate "2023.10.10"]
[SourceQuality "1"]

1. Nf3 d5 2. b3 Bg4 3. Bb2 Nd7 4. c4 e6 5. e3 Ngf6 6. Be2 c6 7. h3 Bh5 8. d3 h6 9. a3 Bd6 10. Nbd2 Bg6 11. e4 dxe4 12. dxe4 Qc7 13. Qc2 a5 14. 0-0 0-0 15. Qc3 e5 16. Bd3 Rfe8 17. b4 c5 18. b5 Nf8 19. Rae1 Rad8 20. Bb1 Ne6 21. Nh4 Bh7 22. Nf5 Nd4 23. Ne3 a4 24. Bc2 Ra8 25. Bd3 Qd7 26. Qc1 Bg6 27. Qb1 Bc7 28. Bc3 Ba5 29. Bxa5 Rxa5 30. Nd5 Nh5 31. Re3 Nf4 32. Rfe1 Qd8 33. Rf1 Qd7 34. Rfe1 Qd8 35. Bf1 Ra8 36. Kh2 Qa5 37. Qb2 Rad8 38. Qc3 Qxc3 39. Rxc3 f5 40. f3 fxe4 41. fxe4 Rd6 42. Nf3 Nh5 43. Nc7 Rf8 44. Nxe5 Bxe4 45. Rce3 Bh7 46. Bd3 Bxd3 47. Rxd3 Nf4 48. Rdd1 Rc8 49. Nd5 Nxd5 50. cxd5 Rcd8 51. Nc4 Rxd5 52. Rb1 Rf5 53. Rb2 Nb3 54. Re7 Rf7 55. Rxf7 Kxf7 56. Nb6 Rd4 57. Nxa4 Rxa4 58. Rxb3 Ke6 59. Re3+ Kd6 60. Kg3 c4 61. Kf2 Ra5 62. Re4 Kd5 63. Re7 Rxb5 64. Rxg7 Kd4 65. Rd7+ Kc3 66. a4 Rb6 67. a5 Rb5 68. Rd6 Kb2 69. Rxh6 c3 0-1

[Event "Maia op 7th"]
[Site "Maia"]
[Date "2023.08.29"]
[Round "5"]
[White "Miranda Mesa, Elier"]
[Black "Holtel, Jasper"]
[Result "1-0"]
[WhiteElo "2500"]
[BlackElo "2339"]
[PlyCount "81"]
[EventDate "2023.08.25"]
[EventType "swiss"]
[EventRounds "9"]
[EventCountry "POR"]
[SourceTitle "EXT 2024"]
[Source "ChessBase"]
[SourceDate "2023.10.10"]
[SourceVersion "1"]
[SourceVersionDate "2023.10.10"]
[SourceQuality "1"]

1. e4 c5 2. Nc3 a6 3. g3 b5 4. Bg2 Bb7 5. d3 e6 6. f4 d5 7. f5 d4 8. fxe6 fxe6 9. Nce2 e5 10. Nf3 Bd6 11. 0-0 Nf6 12. c3 0-0 13. cxd4 cxd4 14. Bg5 Nbd7 15. Nh4 Qb6 16. Nf5 Kh8 17. Qd2 a5 18. h3 Bb4 19. Qd1 Rfc8 20. g4 Bf8 21. Neg3 a4 22. Nh5 Ng8 23. Nfxg7 Qg6 24. Rxf8 Rxf8 25. Qd2 Rac8 26. Nf5 Rc6 27. Bh4 Rfc8 28. Qb4 Rc2 29. Nd6 Rc1+ 30. Rxc1 Rxc1+ 31. Kh2 Bc6 32. Nf5 Rc2 33. Qa5 Rxb2 34. Qd8 Qf7 35. Kg3 Qxa2 36. Bf6+ Ndxf6 37. Nxf6 Rxg2+ 38. Kh4 Rh2 39. Nxg8 Qf7 40. Ngh6+ Qe8 41. Qf6# 1-0

[Event "Maia op 7th"]
[Site "Maia"]
[Date "2023.08.26"]
[Round "2"]
[White "Gomez Barrera, Javiera Belen"]
[Black "Miranda Mesa, Elier"]
[Result "1-0"]
[WhiteElo "2220"]
[BlackElo "2500"]
[PlyCount "107"]
[EventDate "2023.08.25"]
[EventType "swiss"]
[EventRounds "9"]
[EventCountry "POR"]
[SourceTitle "EXT 2024"]
[Source "ChessBase"]
[SourceDate "2023.10.10"]
[SourceVersion "1"]
[SourceVersionDate "2023.10.10"]
[SourceQuality "1"]

1. e4 c6 2. d4 d5 3. e5 Bf5 4. h4 Qb6 5. g4 Bd7 6. Nc3 e6 7. Na4 Qc7 8. Be3 h5 9. g5 Ne7 10. Bd3 g6 11. Nh3 b6 12. Nc3 c5 13. Nb5 Bxb5 14. Bxb5+ Nbc6 15. c3 Bg7 16. Nf4 Qb7 17. Rh3 0-0 18. Bd3 Rfc8 19. a3 cxd4 20. cxd4 Nf5 21. Bxf5 exf5 22. Qf3 Ne7 23. Bd2 Rc4 24. Bc3 Rac8 25. Kf1 b5 26. Rd1 Qd7 27. Kg2 Kh7 28. Rhh1 Qc7 29. Bb4 Nc6 30. Bd6 Qd7 31. Qxd5 Bxe5 32. Bxe5 Nxe5 33. dxe5 Qe7 34. Ne2 Rg4+ 35. Kf1 Rc5 36. Qd7 Rxe5 37. Qxe7 Rxe7 38. Rd4 b4 39. Rxb4 Rxb4 40. axb4 Re4 41. Nc1 Rxb4 42. Nd3 Re4 43. Rh3 Kg7 44. f4 f6 45. Kf2 fxg5 46. hxg5 Kf7 47. Re3 Rd4 48. Kf3 h4 49. Ne5+ Kg7 50. Ra3 h3 51. Rxa7+ Kg8 52. Ra1 Rb4 53. Nd3 Rb3 54. Ke2 1-0

[Event "Badalona op 47th"]
[Site "Badalona"]
[Date "2023.08.09"]
[Round "8"]
[White "Ayats Llobera, Gerard"]
[Black "Miranda Mesa, Elier"]
[Result "1-0"]
[WhiteElo "2471"]
[BlackElo "2500"]
[PlyCount "89"]
[EventDate "2023.08.02"]
[EventType "swiss"]
[EventRounds "9"]
[EventCountry "ESP"]
[SourceTitle "CBM 215 Extra"]
[Source "ChessBase"]
[SourceDate "2023.09.30"]
[SourceVersion "1"]
[SourceVersionDate "2023.09.30"]
[SourceQuality "1"]

1. e4 c6 2. d4 d5 3. e5 Bf5 4. h4 h5 5. Bd3 Bxd3 6. Qxd3 Qa5+ 7. Nd2 e6 8. Ngf3 Ne7 9. 0-0 Nf5 10. Nb3 Qa6 11. Qd1 Be7 12. Re1 Nd7 13. g3 Qb6 14. a4 Rc8 15. Kg2 g6 16. c3 Kf8 17. Re2 Kg7 18. Bg5 Bxg5 19. Nxg5 Qc7 20. Qc1 c5 21. Qf4 Qb6 22. Ra3 cxd4 23. Nxd4 Rc4 24. a5 Qa6 25. Rd2 b5 26. Nxf5+ gxf5 27. Rd4 Qc8 28. Nf3 Qd8 29. Rxc4 bxc4 30. b4 cxb3 31. Rxb3 Nc5 32. Rb5 Qe7 33. Nd4 Rc8 34. Qf3 Qc7 35. Qxh5 Qxe5 36. Qg5+ Kf8 37. Nc6 Rxc6 38. Qd8+ Kg7 39. Rb8 Qxb8 40. Qxb8 a6 41. Qe5+ Kg8 42. h5 Nd7 43. Qe3 Kh7 44. Qa7 Ne5 45. f4 1-0

[Event "Andorra op 39th"]
[Site "Escaldes"]
[Date "2023.07.29"]
[Round "8"]
[White "Miranda Mesa, Elier"]
[Black "Nielsen, Andre"]
[Result "1-0"]
[WhiteElo "2503"]
[BlackElo "2211"]
[PlyCount "51"]
[EventDate "2023.07.22"]
[EventType "swiss"]
[EventRounds "9"]
[EventCountry "AND"]
[SourceTitle "CBM 215 Extra"]
[Source "ChessBase"]
[SourceDate "2023.09.30"]
[SourceVersion "1"]
[SourceVersionDate "2023.09.30"]
[SourceQuality "1"]

1. e4 e5 2. Nf3 Nc6 3. Bb5 a6 4. Ba4 Nf6 5. d3 Bc5 6. Nc3 b5 7. Bb3 d6 8. Nd5 h6 9. c3 0-0 10. Nxf6+ Qxf6 11. Bd5 Bd7 12. Rg1 h5 13. h3 g6 14. g4 hxg4 15. hxg4 Rab8 16. Bg5 Qg7 17. Nd2 b4 18. Qf3 bxc3 19. bxc3 Rb2 20. Bxc6 Bxc6 21. Bf6 Qh6 22. g5 Qh5 23. Rh1 Bxf2+ 24. Ke2 Rxd2+ 25. Kxd2 Qxf3 26. Rh8# 1-0

[Event "American Continental 17th"]
[Site "Juan Dolio"]
[Date "2023.05.23"]
[Round "11"]
[White "Mareco, Sandro"]
[Black "Miranda Mesa, Elier"]
[Result "1/2-1/2"]
[WhiteElo "2633"]
[BlackElo "2516"]
[PlyCount "67"]
[EventDate "2023.05.15"]
[EventType "swiss"]
[EventRounds "11"]
[EventCountry "DOM"]
[SourceTitle "CBM 214 Extra"]
[Source "ChessBase"]
[SourceDate "2023.07.31"]
[SourceVersion "1"]
[SourceVersionDate "2023.07.31"]
[SourceQuality "1"]

1. e4 c6 2. d4 d5 3. e5 Bf5 4. Nf3 e6 5. Be2 Ne7 6. 0-0 c5 7. c4 Nbc6 8. Na3 a6 9. cxd5 Nxd5 10. Nc4 h6 11. a3 Be7 12. Re1 0-0 13. Bd3 Bg4 14. h3 Bh5 15. g4 Bg6 16. Bf1 b5 17. Ne3 Nxe3 18. Bxe3 cxd4 19. Bxd4 Nxd4 20. Qxd4 Rc8 21. b4 Qxd4 22. Nxd4 Rfd8 23. Red1 Rc7 24. Be2 Rc3 25. Bf1 Bg5 26. Bg2 Rc4 27. Nc6 Rxd1+ 28. Rxd1 Rc3 29. Ra1 Bf4 30. Ne7+ Kh7 31. Nxg6 Kxg6 32. Bb7 Rc1+ 33. Rxc1 Bxc1 34. Bxa6 1/2-1/2

[Event "American Continental 17th"]
[Site "Juan Dolio"]
[Date "2023.05.21"]
[Round "9"]
[White "Leiva Rodriguez, Jeammarco Giuseppe"]
[Black "Miranda Mesa, Elier"]
[Result "1-0"]
[WhiteElo "2392"]
[BlackElo "2516"]
[PlyCount "121"]
[EventDate "2023.05.15"]
[EventType "swiss"]
[EventRounds "11"]
[EventCountry "DOM"]
[SourceTitle "CBM 214 Extra"]
[Source "ChessBase"]
[SourceDate "2023.07.31"]
[SourceVersion "1"]
[SourceVersionDate "2023.07.31"]
[SourceQuality "1"]

1. d4 d5 2. Nf3 Nf6 3. c3 Bf5 4. Qb3 Qc8 5. Bf4 e6 6. e3 Be7 7. c4 0-0 8. Nc3 c6 9. Rc1 Nbd7 10. Be2 dxc4 11. Bxc4 Nb6 12. Be2 Nbd5 13. Be5 Nxc3 14. bxc3 c5 15. 0-0 Be4 16. Nd2 Bc6 17. a4 b6 18. Ra1 Qd7 19. Rfd1 Qd5 20. Qxd5 Nxd5 21. Rdc1 Rac8 22. Ba6 Rcd8 23. e4 Nf6 24. f3 Nh5 25. Nb3 f6 26. Bc7 Rd7 27. Bg3 Nxg3 28. hxg3 Kf7 29. g4 Bd6 30. Kf2 Rc7 31. dxc5 bxc5 32. Na5 Rb8 33. Nc4 Bf4 34. Rc2 Rd7 35. g3 Be5 36. Nxe5+ fxe5 37. Ke3 h6 38. Bc4 Ke7 39. Rh2 Rdb7 40. Rh5 Kf6 41. f4 exf4+ 42. gxf4 Rb1 43. Rxb1 Rxb1 44. Rxc5 Bxa4 45. Rc7 Re1+ 46. Kd4 Bc2 47. e5+ Kg6 48. Bxe6 Re4+ 49. Kd5 Rxf4 50. Bf5+ Bxf5 51. gxf5+ Rxf5 52. Kd6 Rf1 53. Rc4 h5 54. e6 Kf6 55. e7 Rd1+ 56. Rd4 Re1 57. Rf4+ Kg5 58. Rf8 h4 59. e8Q Rxe8 60. Rxe8 a5 61. c4 1-0

[Event "American Continental 17th"]
[Site "Juan Dolio"]
[Date "2023.05.19"]
[Round "6"]
[White "Miranda Mesa, Elier"]
[Black "Escobar Forero, Alder"]
[Result "1/2-1/2"]
[WhiteElo "2516"]
[BlackElo "2443"]
[PlyCount "75"]
[EventDate "2023.05.15"]
[EventType "swiss"]
[EventRounds "11"]
[EventCountry "DOM"]
[SourceTitle "CBM 214 Extra"]
[Source "ChessBase"]
[SourceDate "2023.07.31"]
[SourceVersion "1"]
[SourceVersionDate "2023.07.31"]
[SourceQuality "1"]

1. e4 d5 2. exd5 Qxd5 3. Nc3 Qa5 4. d4 Nf6 5. Nf3 Bf5 6. Ne5 c6 7. Bc4 e6 8. g4 Be4 9. 0-0 Bd5 10. Bd3 Nbd7 11. f4 g6 12. Nxd5 Qxd5 13. Be3 h5 14. c4 Qd6 15. g5 Ng4 16. Qf3 Nxe3 17. Qxe3 Bg7 18. c5 Qc7 19. Rae1 Nxe5 20. fxe5 0-0-0 21. b4 Rd7 22. Rf4 Rhd8 23. Bc4 b6 24. Ref1 Re8 25. cxb6 axb6 26. b5 c5 27. dxc5 bxc5 28. b6 Qxb6 29. Rxf7 Ree7 30. Rxe7 Rxe7 31. Rd1 Rd7 32. Rxd7 Kxd7 33. Qd3+ Ke7 34. Qxg6 Bxe5 35. Qh7+ Kf8 36. Qh6+ Ke7 37. Qh7+ Kf8 38. Qh6+ 1/2-1/2

[Event "American Continental 17th"]
[Site "Juan Dolio"]
[Date "2023.05.19"]
[Round "7"]
[White "Shabalov, Alexander"]
[Black "Miranda Mesa, Elier"]
[Result "1/2-1/2"]
[WhiteElo "2480"]
[BlackElo "2516"]
[PlyCount "141"]
[EventDate "2023.05.15"]
[EventType "swiss"]
[EventRounds "11"]
[EventCountry "DOM"]
[SourceTitle "CBM 214 Extra"]
[Source "ChessBase"]
[SourceDate "2023.07.31"]
[SourceVersion "1"]
[SourceVersionDate "2023.07.31"]
[SourceQuality "1"]

1. e4 c6 2. d4 d5 3. e5 Bf5 4. Nf3 e6 5. Be2 Ne7 6. 0-0 Ng6 7. a4 Nd7 8. a5 f6 9. Ne1 h5 10. f4 h4 11. Nd2 a6 12. c3 Qc7 13. b4 0-0-0 14. Nd3 Be7 15. Nb3 Rdg8 16. Nbc5 Ngf8 17. Be3 g5 18. exf6 Bxf6 19. Qd2 Nxc5 20. bxc5 Qg7 21. Rf2 gxf4 22. Nxf4 Bd8 23. c4 Bc7 24. Raf1 Be4 25. Bd3 Qh7 26. Bxe4 Qxe4 27. Nh3 dxc4 28. Ng5 Qd5 29. Nf7 Nd7 30. Nxh8 Rxh8 31. Bf4 e5 32. dxe5 Nxc5 33. e6 Nd3 34. Bxc7 Nxf2 35. Qxf2 Kxc7 36. Qf7+ Kc8 37. Rb1 c5 38. Rf1 h3 39. gxh3 Qg5+ 40. Kh1 Qd5+ 41. Kg1 Qg5+ 42. Kh1 Rg8 43. Qf3 c3 44. Qe4 c2 45. e7 Re8 46. Qxc2 Rxe7 47. Qc4 Qe5 48. Rc1 Kb8 49. h4 Qe3 50. Rf1 Re4 51. Qd5 Qd4 52. Qb3 c4 53. Qg3+ Ka7 54. h5 c3 55. h6 c2 56. h7 Rh4 57. Qg2 Rxh7 58. Qxc2 Rh5 59. Rf5 Rh7 60. Qc5+ Qxc5 61. Rxc5 b6 62. axb6+ Kxb6 63. Rc1 a5 64. Kg2 a4 65. Kg3 Kb5 66. h4 Kb4 67. Kg4 a3 68. h5 Kb3 69. Ra1 Kb2 70. Rxa3 Kxa3 71. Kg5 1/2-1/2

[Event "American Continental 17th"]
[Site "Juan Dolio"]
[Date "2023.05.18"]
[Round "5"]
[White "Latorre Lopez Moreira, Luis Matias"]
[Black "Miranda Mesa, Elier"]
[Result "0-1"]
[WhiteElo "2280"]
[BlackElo "2516"]
[PlyCount "72"]
[EventDate "2023.05.15"]
[EventType "swiss"]
[EventRounds "11"]
[EventCountry "DOM"]
[SourceTitle "CBM 214 Extra"]
[Source "ChessBase"]
[SourceDate "2023.07.31"]
[SourceVersion "1"]
[SourceVersionDate "2023.07.31"]
[SourceQuality "1"]

1. d4 d5 2. c4 c6 3. Nc3 Nf6 4. Nf3 dxc4 5. a4 Bg4 6. Ne5 Bh5 7. Nxc4 e6 8. Qb3 Na6 9. a5 Nb4 10. Ra4 b5 11. axb6 axb6 12. Rxa8 Qxa8 13. Na3 Be7 14. e4 0-0 15. f3 e5 16. Be3 exd4 17. Bxd4 Nd7 18. g4 Bg6 19. h4 c5 20. Be3 h5 21. Bc4 hxg4 22. h5 Bh7 23. h6 g5 24. Nd5 Nxd5 25. Bxd5 Qb8 26. Rg1 Ne5 27. Nc4 Nxf3+ 28. Kd1 Qh2 29. Rxg4 Qh5 30. Kc2 Qxg4 31. Qc3 Bxe4+ 32. Kc1 Nd4 33. Bxd4 Bxd5 34. h7+ Kxh7 35. Qc2+ Kg8 36. Bc3 Qg1+ 0-1

[Event "American Continental 17th"]
[Site "Juan Dolio"]
[Date "2023.05.15"]
[Round "1"]
[White "Donayre, Bertin"]
[Black "Miranda Mesa, Elier"]
[Result "0-1"]
[WhiteElo "2096"]
[BlackElo "2516"]
[PlyCount "47"]
[EventDate "2023.05.15"]
[EventType "swiss"]
[EventRounds "11"]
[EventCountry "DOM"]
[SourceTitle "CBM 214 Extra"]
[Source "ChessBase"]
[SourceDate "2023.07.31"]
[SourceVersion "1"]
[SourceVersionDate "2023.07.31"]
[SourceQuality "1"]

1. e4 c5 2. Nc3 a6 3. g3 b5 4. Bg2 Bb7 5. Nh3 e6 6. 0-0 d6 7. d3 Nf6 8. f4 Qc7 9. f5 e5 10. Nd5 Nxd5 11. exd5 Nd7 12. c4 Be7 13. Nf2 h6 14. Ne4 Nf6 15. Nxf6+ Bxf6 16. Bd2 bxc4 17. dxc4 a5 18. Rf2 Bc8 19. Be4 Bd7 20. a4 Ke7 21. b3 Rhb8 22. h4 Qc8 23. Qf1 Kf8 24. Rf3 0-1